Náčrt mystickej teológie Východnej cirkvi

Podrobná bibliografia
Hlavný autor: Losskij, Vladimir Nikolajevič, 1903-1958 (Autor)
Médium: Článok
Jazyk:slovenčina
Predmet:

MARC

LEADER 00000nab a2200000uu 4500
001 vtls011142468
003 SK-MaSNL
005 20260303145723.0
008 230222|1979 xo |||||||||||||||||slo|
015 |a SNBRB 
035 |a (urnnbn)urn:nbn:sk:snk:ar-008din 
035 |a (uuid)00d1f03f-c37d-4cdc-9a58-7be4d81438de 
035 |a urn:nbn:sk:snk-abatxx 
040 |a SNKBUCL  |b slo  |c SNKBUCL  |e AACR2 
041 0 |a slo 
044 |a xo  |c SK 
100 1 |a Losskij, Vladimir Nikolajevič,  |d 1903-1958  |4 aut  |9 121144 
245 1 0 |a Náčrt mystickej teológie Východnej cirkvi  |c Vladimir Losskij 
650 0 7 |a mystika  |2 SNKPH  |9 1827 
650 0 7 |a východné cirkvi  |2 SNKPH  |9 723175 
655 7 |a štúdie  |2 SNKPH  |9 57033 
773 0 |t Pravoslavný teologický sborník  |g Roč. 6, č. 6 (1979), s. 82-93 
954 |a odborná, vedecká literatúra pôvodná (slovenská)  |2 lita 
958 |a OND 
958 |a EUIPO 
958 |a article14 
999 |c 2004713  |d 2006643